El asesinato de Jesse James por el cobarde Robert Ford = The Assassination of Jesse James by the Coward Robert Ford /
Recreación de los últimos meses de vida del bandolero norteamericano Jesse James. Héroe para unos, ladrón buscado en múltiples estados de la Unión Norteamericana, vivió bajo una identidad falsa para poder seguir delinquiendo. Formó su banda de forajidos con los hermanos Ford, el más joven de 19 años...
Shranjeno v:
| Glavni avtor: | |
|---|---|
| Drugi avtorji: | , , |
| Format: | |
| Jezik: | angleščina |
| Teme: | |
| Oznake: |
Brez oznak, prvi označite!
|
MARC
| LEADER | 00000ngm^a2200000^a^4500 | ||
|---|---|---|---|
| 001 | 000311483 | ||
| 005 | 20250521000000.0 | ||
| 009 | 20260310113046.56 | ||
| 037 | |a Acervo ITESO - Biblioteca | ||
| 041 | |a ING | ||
| 082 | |a 810. |b DOM | ||
| 100 | |a Dominik, Andrew |e (realización) | ||
| 245 | 1 | 3 | |a El asesinato de Jesse James por el cobarde Robert Ford = |b The Assassination of Jesse James by the Coward Robert Ford / |c Realización de A. Dominik. |
| 264 | 2 | |a México : |b Warner Brothers [distribución], |c 2004, c2004 | |
| 300 | |a 1 DVD regiones 1 y 4 |c (160 min.) | ||
| 336 | |a imagen móvil bidimensional |b tdi |2 rdacontenido | ||
| 337 | |a video |b v |2 rdamedio | ||
| 338 | |a videodisco |b vd |2 rdasoporte | ||
| 500 | |a Basado en: The Assassination of Jesse James by the Coward Robert Ford, de Ron Hansen | ||
| 520 | |a Recreación de los últimos meses de vida del bandolero norteamericano Jesse James. Héroe para unos, ladrón buscado en múltiples estados de la Unión Norteamericana, vivió bajo una identidad falsa para poder seguir delinquiendo. Formó su banda de forajidos con los hermanos Ford, el más joven de 19 años. Este, envidioso de la notoriedad de James y ansioso de fama y notoriedad, pronto entró en conflicto con el líder; poco después, logró su momento de fama, como el cobarde asesino de Jesse James, quien lo traicionó a cambio de la recompensa por entregarlo. | ||
| 546 | |a En inglés, con subtítulos opcionales: español, inglés, portugués | ||
| 546 | |a Doblaje opcional: español, portugués | ||
| 649 | |a XX | ||
| 650 | |a Westerns | ||
| 650 | |a Películas Históricas | ||
| 650 | |a Cine Norteamericano - |y 2000-2009 | ||
| 650 | |a Cine Norteamericano - |y Siglo XXI | ||
| 650 | |a Cineastas Neozelandeses | ||
| 650 | |a Escritores Norteamericanos | ||
| 650 | |a Personajes Históricos Norteamericanos | ||
| 650 | |a Ladrones Norteamericanos | ||
| 650 | |a Delincuentes Norteamericanos | ||
| 650 | |a Novela Norteamericana - |x Adaptaciones para Cine | ||
| 650 | |a Literatura Norteamericana - |y Siglo XX - |x Adaptaciones para Cine | ||
| 650 | |a Literatura y Cine | ||
| 650 | |a Identidad Personal | ||
| 650 | |a Bandolerismo Social - |z EUA | ||
| 650 | |a Asesinato | ||
| 650 | |a Robo - |z EUA | ||
| 650 | |a Crimen Organizado - |z EUA | ||
| 650 | |a Justicia e Injusticia - |z EUA | ||
| 650 | |a Problemas Sociales - |z EUA | ||
| 650 | |a Envidia | ||
| 650 | |a Obsesión | ||
| 650 | |a Lealtad | ||
| 650 | |a Traición | ||
| 650 | |a Fama | ||
| 650 | |a EUA - |x Historia - |y Reconstrucción, 1865-1901 | ||
| 650 | |a James, Jesse - |x Tema Principal | ||
| 650 | |a Hansen, Ron | ||
| 700 | |a Pitt, Brad |e (actuación) | ||
| 700 | |a Affleck, Casey |e (actuación) | ||
| 700 | |a Shepard, Sam |e (actuación) | ||
| 910 | |a Fondo General | ||
| 920 | |a Audiovisuales - DVDs | ||
| 940 | |a Películas | ||
| 905 | |a 302 | ||
| 901 | |a 0500183738 |b IT2 |c DVS |i C117924 |u 20250521 | ||
| 902 | |a https://opac.biblio.iteso.mx/vufind/Record/000311483 | ||